The jurists` philosophy of law from Rome to the seventeenth century
Saved in:
| Other Authors: | , |
|---|---|
| Format: | Book |
| Language: | English |
| Published: |
Dordrecht, The Netherlands:
Springer,
2007.
|
| Series: | A Treatise of Legal philosophy and General Jurisprudence,
7. |
| Subjects: | |
| Tags: |
Add Tag
No Tags, Be the first to tag this record!
|
MARC
| LEADER | 00000nam a2200000 a 4500 | ||
|---|---|---|---|
| 001 | UCG6665 | ||
| 003 | CL-VaPUC | ||
| 005 | 20230118121047.0 | ||
| 008 | 110509e20070000ne |||||||||||||||||eng|d | ||
| 999 | |c 344817 |d 344815 | ||
| 020 | |a 9781402049507 | ||
| 040 | |c Pontificia Universidad Católica de Valparaíso | ||
| 082 | 0 | 4 | |a 340.11 PAD 2007 |2 21 |
| 100 | 0 | |a Padovani, Andrea |e editor |9 556992 | |
| 245 | 1 | 4 | |a The jurists` philosophy of law from Rome to the seventeenth century |
| 260 | |a Dordrecht, The Netherlands: |b Springer, |c 2007. | ||
| 300 | |a 257 páginas. | ||
| 490 | 0 | |a A Treatise of Legal philosophy and General Jurisprudence, |n |v 7. | |
| 583 | |a last modification |c 20171213 05:58:58 |k Rodrigo Vera | ||
| 650 | 0 | |a Juristas |9 255986 |x Filosofía del derecho |y 500 a.C.- Siglo 17 | |
| 700 | 0 | |a Stein, Peter G |e editor |9 556993 | |
| 942 | |c BK |2 ddc | ||
| 945 | |d 20110509 00:00:00 |a jcampos | ||
| 952 | |0 0 |1 0 |4 0 |6 340_110000000000000_PAD_2007 |7 0 |8 DER_HIS |9 443044 |a BIBDER |b BIBDER |d 2019-11-22 |i 4774957 |o 340.11 PAD 2007 |p 4774957 |r 2023-01-25 |w 2019-11-22 |x Ubicación 4to Piso |y BK |z Estos recursos deben solicitarse con anticipación |k DER | ||